Planning vs. illegal building (Record no. 115602)

MARC details
000 -LEADER
fixed length control field 01492cad a2200289 4500
001 - CONTROL NUMBER
control field L158962
008 - FIXED-LENGTH DATA ELEMENTS--GENERAL INFORMATION
fixed length control field 100215n2013 000 0 eng u
020 ## - INTERNATIONAL STANDARD BOOK NUMBER
International Standard Book Number 9781783210305
035 ## - SYSTEM CONTROL NUMBER
System control number (Sirsi) u158962
041 ## - LANGUAGE CODE
Language code of text/sound track or separate title eng
100 1# - MAIN ENTRY--PERSONAL NAME
Personal name Calor, Inês
111 2# - MAIN ENTRY--MEETING NAME
Meeting name or jurisdiction name as entry element Construction and Building Research Conference
Location of meeting IIT Delhi, New Delhi
Date of meeting or treaty signing 10-12 September 2013
245 00 - TITLE STATEMENT
Title Planning vs. illegal building
Remainder of title comparison of policy in Portugal and Israel
Medium [electronic resource]
260 ## - PUBLICATION, DISTRIBUTION, ETC.
Place of publication, distribution, etc. London
Name of publisher, distributor, etc. RICS
Date of publication, distribution, etc. 2013
490 #0 - SERIES STATEMENT
Series statement COBRA
Volume/sequential designation 2013
520 ## - SUMMARY, ETC.
Summary, etc. A paper presented at the COBRA Conference in New Delhi on 10-12 September 2013. Presents a comparative analysis of the policies of Portugal and Israel concerning illegal construction. The absence of a special legal framework for non-compliant buildings leads to the use of plan amendments as a means of achieving legalization, the side-effect of which, in both countries, is increased pressure on all levels of the planning system.
650 24 - SUBJECT ADDED ENTRY--TOPICAL TERM
Topical term or geographic name entry element CONSTRUCTION AND BUILDING RESEARCH CONFERENCE (COBRA)
650 24 - SUBJECT ADDED ENTRY--TOPICAL TERM
Topical term or geographic name entry element SLUMS
650 24 - SUBJECT ADDED ENTRY--TOPICAL TERM
Topical term or geographic name entry element Building control
9 (RLIN) 6222
650 24 - SUBJECT ADDED ENTRY--TOPICAL TERM
Topical term or geographic name entry element ISRAEL
651 #4 - SUBJECT ADDED ENTRY--GEOGRAPHIC NAME
Geographic name Portugal
690 ## - LOCAL SUBJECT ADDED ENTRY--TOPICAL TERM (OCLC, RLIN)
Topical term or geographic name as entry element Planning and development
9 (RLIN) 6259
700 1# - ADDED ENTRY--PERSONAL NAME
Personal name Pereira, Margarida
700 1# - ADDED ENTRY--PERSONAL NAME
Personal name Alterman, Rachelle
856 40 - ELECTRONIC LOCATION AND ACCESS
Uniform Resource Identifier <a href="https://www.rics.org/Global/Paper%2058%20PLANNING%20VS.%20ILLEGAL%20BUILDING%20-%20COMPARISON%20OF%20POLICY%20IN%20PORTUGAL%20AND%20ISRAEL.pdf">https://www.rics.org/Global/Paper%2058%20PLANNING%20VS.%20ILLEGAL%20BUILDING%20-%20COMPARISON%20OF%20POLICY%20IN%20PORTUGAL%20AND%20ISRAEL.pdf</a>
Public note View this item free of charge at www.rics.org
942 ## - ADDED ENTRY ELEMENTS (KOHA)
Suppress in OPAC 0
Holdings
Withdrawn status Lost status Source of classification or shelving scheme Damaged status Not for loan Home library Current library Shelving location Date acquired Total Checkouts Full call number Barcode Date last seen Copy number Price effective from Koha item type
    Dewey Decimal Classification     Virtual Virtual Online 05/11/2015   ONLINE PUBLICATION 158962-2001 06/08/2019 1 06/08/2019 Book